[Event "Oberhausener SV 2 - SC Hansa Dortmund 2"]
[Site "Regionalliga 2018/2019"]
[Date "2019.02.10"]
[Round "7.2"]
[White "Joergens, Markus"]
[Black "Berndt, Joachim"]
[Result "1/2-1/2"]
[WhiteElo "1984"]
[BlackElo "2057"]
[PlyCount "99"]
[EventDate "2019.??.??"]

1. d4 d5 2. c4 e6 3. Nf3 a6 4. Nbd2 Nf6 5. g3 c5 6. cxd5 exd5 7. Bg2 Nc6 8. O-O
Be7 9. dxc5 Bxc5 10. Nb3 Ba7 11. Nbd4 O-O 12. b3 Re8 13. Bb2 Qd6 14. Rc1 Bg4
15. h3 Bd7 16. e3 Ne4 17. Nxc6 bxc6 18. Nd4 Rac8 19. Qh5 Re5 20. Qe2 c5 21. Nf3
Ree8 22. Nd2 Qh6 23. Nxe4 dxe4 24. Rfd1 Bxh3 25. Bxh3 Qxh3 26. Qxa6 Bb8 27. Qf1
Qg4 28. Rd2 h5 29. Qe2 Qg5 30. Rcd1 h4 31. Rd5 Qg6 32. Qh5 Qxh5 33. Rxh5 hxg3
34. fxg3 Red8 35. Rhd5 Rxd5 36. Rxd5 Kh7 37. Kf2 c4 38. bxc4 Rxc4 39. Be5 Rc2+
40. Kf1 Bxe5 41. Rxe5 Rxa2 42. Rxe4 Kg6 43. Rg4+ Kf6 44. Rf4+ Ke6 45. Re4+ Kd6
46. Re8 f6 47. Rg8 g5 48. Re8 Kd5 49. Re7 Rb2 50. Re8 1/2-1/2

[Event "Oberhausener SV 2 - SC Hansa Dortmund 2"]
[Site "Regionalliga 2018/2019"]
[Date "2019.02.10"]
[Round "7.3"]
[White "Burchert, Wolfgang"]
[Black "Weyh, Thomas"]
[Result "1/2-1/2"]
[WhiteElo "2008"]
[BlackElo "2004"]
[PlyCount "68"]
[EventDate "2019.??.??"]

1. e4 e5 2. Nf3 Nc6 3. d4 exd4 4. Nxd4 Nf6 5. Nxc6 bxc6 6. e5 Qe7 7. Qe2 Nd5 8.
c4 Nb6 9. Nc3 Qe6 10. Bd2 a5 11. a4 Ba6 12. b3 Bb4 13. f4 O-O 14. O-O-O f6 15.
Qe4 fxe5 16. Bd3 g6 17. fxe5 Rae8 18. Rde1 Rf5 19. Qh4 Rh5 20. Qg3 Rxe5 21. Ne4
Bxd2+ 22. Kxd2 d5 23. Nc5 Qd6 24. Rxe5 Rxe5 25. Nxa6 dxc4 26. bxc4 Nxc4+ 27.
Kc3 Nb6 28. Rc1 Nxa4+ 29. Kb3 Nb6 30. Rc3 a4+ 31. Ka2 Qd5+ 32. Ka3 Qd6+ 33. Ka2
Qd5+ 34. Ka3 Qd6+ 1/2-1/2

[Event "Oberhausener SV 2 - SC Hansa Dortmund 2"]
[Site "Regionalliga 2018/2019"]
[Date "2019.02.10"]
[Round "7.4"]
[White "GroÃŸ, Thomas"]
[Black "Hillebrand, Carsten"]
[Result "1-0"]
[WhiteElo "1986"]
[BlackElo "1934"]
[PlyCount "91"]
[EventDate "2019.??.??"]

1. Nf3 Nf6 2. g3 g6 3. b3 Bg7 4. Bb2 O-O 5. Bg2 c5 6. c4 d6 7. d4 Nfd7 8. O-O
Nc6 9. e3 Rb8 10. Qe2 a6 11. Rd1 Qe8 12. Nc3 b6 13. Rac1 Bb7 14. h4 Nf6 15.
dxc5 bxc5 16. Nd5 Nxd5 17. Bxg7 Kxg7 18. cxd5 Nd8 19. b4 cxb4 20. Qb2+ f6 21.
Rc7 Bc8 22. Rdc1 Bd7 23. Nd4 Rb7 24. a3 a5 25. axb4 Rxb4 26. Qa2 Ra4 27. Qe2
Kg8 28. Qa6 Rf7 29. Qa8 Rxd4 30. exd4 a4 31. Rb1 Rf8 32. Rb8 Kf7 33. Bf1 h5 34.
Ba6 g5 35. Bc8 Bb5 36. Be6+ Kg7 37. Rcc8 Qg6 38. Rxb5 Nxe6 39. dxe6 Rxc8 40.
Qxc8 Qd3 41. Qe8 Qe4 42. Qxe7+ Kg6 43. Qf7+ Kh6 44. Qxf6+ Kh7 45. Qf7+ Kh6 46.
hxg5# 1-0

[Event "Oberhausener SV 2 - SC Hansa Dortmund 2"]
[Site "Regionalliga 2018/2019"]
[Date "2019.02.10"]
[Round "7.5"]
[White "Linker, Walter"]
[Black "Gerst, Michael"]
[Result "1/2-1/2"]
[WhiteElo "2015"]
[BlackElo "1910"]
[PlyCount "106"]
[EventDate "2019.??.??"]

1. f4 Nf6 2. b3 g6 3. Bb2 Bg7 4. Nf3 O-O 5. e3 d6 6. Be2 Nc6 7. O-O e5 8. fxe5
Ng4 9. Nc3 dxe5 10. h3 Nh6 11. e4 Be6 12. Ba3 Re8 13. Bb5 Bd7 14. Bxc6 Bxc6 15.
Qe1 f6 16. d3 Nf7 17. Qf2 Nd6 18. Nh2 Rf8 19. Rae1 Rf7 20. Qc5 Qd7 21. Qe3 Re8
22. Ng4 Kh8 23. Rf2 b6 24. Ref1 Qe6 25. Nd5 f5 26. Bxd6 cxd6 27. c4 f4 28. Qe1
h5 29. Nh2 g5 30. g4 Qh6 31. Qd1 Bd7 32. Qf3 Bf6 33. Rg2 Bd8 34. Kf2 Rh7 35.
Ke2 Rg8 36. Rfg1 Rgg7 37. Rh1 Kg8 38. a4 Kf7 39. Rhg1 hxg4 40. hxg4 Rg8 41. Qf2
Qh4 42. Nf3 Qxf2+ 43. Kxf2 Rgh8 44. Nc3 a6 45. Nd5 Rh1 46. Ke2 Rxg1 47. Rxg1
Kg6 48. Rg2 Rh3 49. Kf2 Kh6 50. Nc3 Kg6 51. Nd5 Kg7 52. Nc3 Kg6 53. Nd5 Kg7
1/2-1/2

[Event "Oberhausener SV 2 - SC Hansa Dortmund 2"]
[Site "Regionalliga 2018/2019"]
[Date "2019.02.10"]
[Round "7.6"]
[White "Stefaniak, Christian"]
[Black "Prueske, Wolfgang"]
[Result "1/2-1/2"]
[WhiteElo "1899"]
[BlackElo "1932"]
[PlyCount "72"]
[EventDate "2019.??.??"]

1. e4 c6 2. d4 d5 3. exd5 cxd5 4. Bd3 Nc6 5. c3 Qc7 6. h3 Nf6 7. Nf3 g6 8. O-O
Bf5 9. Bxf5 gxf5 10. Re1 e6 11. c4 dxc4 12. Nc3 O-O-O 13. Qa4 a6 14. Bg5 Be7
15. Rad1 Nd5 16. Nxd5 Rxd5 17. Bxe7 Qxe7 18. Qxc4 Qb4 19. Qe2 Rhd8 20. Rc1 Qb6
21. Rc3 Kb8 22. Rb3 Rb5 23. Rxb5 axb5 24. Rd1 Ka7 25. Rd3 b4 26. Qd2 Qb5 27.
Qe3 Qd5 28. Rb3 Kb8 29. Qe1 Rg8 30. Kh1 Nxd4 31. Rd3 Nxf3 32. Rxf3 Qd4 33. Rb3
Qd5 34. Rf3 Qd4 35. Rb3 Qd5 36. Rf3 Qd4 1/2-1/2

[Event "Oberhausener SV 2 - SC Hansa Dortmund 2"]
[Site "Regionalliga 2018/2019"]
[Date "2019.02.10"]
[Round "7.7"]
[White "Zelt, Jens"]
[Black "Seibert, Michael"]
[Result "0-1"]
[WhiteElo "2087"]
[BlackElo "1936"]
[PlyCount "52"]
[EventDate "2019.??.??"]

1. d4 g6 2. Nf3 Bg7 3. c3 d5 4. Bf4 Nf6 5. h3 O-O 6. e3 a5 7. Bd3 c5 8. Nbd2
cxd4 9. exd4 Nc6 10. O-O Bd7 11. Re1 a4 12. a3 e6 13. Qe2 Qb6 14. Rab1 Nh5 15.
Bh2 Bh6 16. Ne5 Nxe5 17. Bxe5 Nf4 18. Bxf4 Bxf4 19. Nf3 f6 20. h4 e5 21. g3 e4
22. gxf4 exd3 23. Qd2 Bf5 24. Nh2 Rae8 25. f3 Qc7 26. Nf1 Re2 0-1

[Event "Oberhausener SV 2 - SC Hansa Dortmund 2"]
[Site "Regionalliga 2018/2019"]
[Date "2019.02.10"]
[Round "7.8"]
[White "Demircan, Baris"]
[Black "Krueger, Simon"]
[Result "0-1"]
[WhiteElo "1782"]
[BlackElo "1987"]
[PlyCount "108"]
[EventDate "2019.??.??"]

1. e4 c5 2. Nf3 d6 3. d4 cxd4 4. Nxd4 Nf6 5. Nc3 e5 6. Nb3 Be7 7. f3 Be6 8. Be3
a6 9. Qd2 Qc7 10. g4 h6 11. h4 b5 12. a3 Nbd7 13. O-O-O Rc8 14. Kb1 Nb6 15.
Bxb5+ axb5 16. Nxb5 Qb8 17. Nxd6+ Bxd6 18. Bxb6 Bxa3 19. Qa5 Be7 20. Nc5 Bxc5
21. Bxc5 Nd7 22. Ba3 Qc7 23. Qd2 Nb6 24. b3 Qc3 25. Qxc3 Rxc3 26. Rhf1 Nd7 27.
Kb2 Rc7 28. Rd2 Rb7 29. Rfd1 f6 30. Rd6 Kf7 31. Ra6 Nb6 32. Kc1 Nc8 33. Bc5 h5
34. g5 fxg5 35. hxg5 g6 36. b4 h4 37. Rh1 h3 38. Rh2 Rh5 39. Be3 Rxb4 40. Rc6
Rc4 41. Ra6 Rc7 42. Kb2 Ne7 43. c3 Rh8 44. Bf2 Rb8+ 45. Kc2 Nc6 46. Rb6 Rxb6
47. Bxb6 Rb7 48. Bc5 Na5 49. Bb4 Nc4 50. Kc1 Rd7 51. Ra2 Nd2 52. Ra8 h2 53. Rh8
Nxf3 54. c4 Kg7 0-1

[Event "SF Essen-Katernberg  2 - Weiße Dame Bor"]
[Site "Regionalliga 2018/2019"]
[Date "2019.02.10"]
[Round "7.1"]
[White "Loyen, Egbert"]
[Black "Bee, Marcus"]
[Result "1/2-1/2"]
[WhiteElo "2189"]
[BlackElo "2143"]
[PlyCount "26"]
[EventDate "2019.??.??"]

1. Nf3 c5 2. e4 d6 3. Bb5+ Bd7 4. Bxd7+ Qxd7 5. O-O Nc6 6. c3 d5 7. exd5 Qxd5
8. d4 e6 9. Qa4 Nf6 10. c4 Qd7 11. dxc5 Bxc5 12. Rd1 Qc7 13. Qb5 Qb6 1/2-1/2

[Event "SF Essen-Katernberg  2 - Weiße Dame Bor"]
[Site "Regionalliga 2018/2019"]
[Date "2019.02.10"]
[Round "7.2"]
[White "Villwock, Martin"]
[Black "Hillenbrand, Michael"]
[Result "0-1"]
[WhiteElo "2166"]
[BlackElo "2087"]
[PlyCount "118"]
[EventDate "2019.??.??"]

1. d4 g6 2. e4 Bg7 3. Nc3 c5 4. d5 d6 5. Bb5+ Nd7 6. a4 a6 7. Be2 Ngf6 8. Nf3
O-O 9. O-O b6 10. h3 Rb8 11. Re1 Qc7 12. Bf4 Ne5 13. Nd2 e6 14. dxe6 fxe6 15.
Bg3 Ne8 16. f4 Nc6 17. Bc4 Nd4 18. Ne2 b5 19. axb5 axb5 20. Bd3 c4 21. c3 Nxe2+
22. Bxe2 d5 23. exd5 exd5 24. Nf3 Nf6 25. Ne5 Bb7 26. Bf3 Ne4 27. Bxe4 dxe4 28.
Qg4 Bc8 29. Qe2 Bb7 30. Qe3 g5 31. Rad1 gxf4 32. Nd7 fxg3 33. Nxb8 Rxb8 34. Qg5
Bc6 35. Rf1 Re8 36. Rf4 b4 37. Qxg3 Qa7+ 38. Kh2 bxc3 39. bxc3 e3 40. Rxc4 e2
41. Re1 Bb5 42. Rb4 Re3 43. Qg5 Qc7+ 44. g3 Re5 45. Qd2 Rf5 46. Qe3 Qf7 47. Rf4
Rxf4 48. gxf4 h5 49. Rg1 Qf6 50. Rg5 Bd7 51. Kg3 h4+ 52. Kf2 Bxh3 53. Qe8+ Kh7
54. Qe4+ Kg8 55. Kxe2 Be6 56. Rg6 Bf5 57. Rxf6 Bxe4 58. Re6 h3 59. Ra6 h2 0-1

[Event "SF Essen-Katernberg  2 - Weiße Dame Bor"]
[Site "Regionalliga 2018/2019"]
[Date "2019.02.10"]
[Round "7.3"]
[White "Klasmeier, Jens"]
[Black "Heldt, Maximilian"]
[Result "0-1"]
[WhiteElo "2090"]
[BlackElo "2080"]
[PlyCount "50"]
[EventDate "2019.??.??"]

1. e4 e6 2. b3 d5 3. Bb2 dxe4 4. Nc3 Nf6 5. Qe2 Be7 6. O-O-O O-O 7. g4 Nc6 8.
g5 Nd5 9. h4 a5 10. a4 Ncb4 11. Nh3 e5 12. Qxe4 Nxc3 13. Bxc3 Na2+ 14. Kb2 Nxc3
15. Kxc3 Qd6 16. Kb2 Be6 17. Bc4 Bxc4 18. Qxc4 Qa3+ 19. Kb1 b5 20. Qxb5 Bc5 21.
Qc4 Rab8 22. c3 e4 23. b4 axb4 24. Qa2 bxc3+ 25. Ka1 c2 0-1

[Event "SF Essen-Katernberg  2 - Weiße Dame Bor"]
[Site "Regionalliga 2018/2019"]
[Date "2019.02.10"]
[Round "7.5"]
[White "Poetter, Clemens"]
[Black "Dahm, Bernd"]
[Result "0-1"]
[WhiteElo "2011"]
[BlackElo "2080"]
[PlyCount "106"]
[EventDate "2019.??.??"]

1. d4 e6 2. Nf3 Nf6 3. c4 b6 4. g3 Bb7 5. Bg2 Be7 6. O-O O-O 7. d5 Na6 8. Nc3
Bb4 9. Nd4 Bxc3 10. bxc3 Nc5 11. Nb3 Nce4 12. Qc2 exd5 13. cxd5 Bxd5 14. c4 Bb7
15. Bb2 Re8 16. f3 Ng5 17. h4 Ne6 18. e4 d6 19. Rad1 Nd7 20. f4 f6 21. e5 Bxg2
22. Qxg2 fxe5 23. fxe5 dxe5 24. Qd5 Ndf8 25. Qxe5 Qe7 26. Rfe1 Qf7 27. Rf1 Qg6
28. h5 Qg5 29. Rf5 Qg4 30. Rdf1 Nd7 31. Qc3 Rf8 32. Rxf8+ Rxf8 33. Rxf8+ Nexf8
34. h6 gxh6 35. Nd2 h5 36. Kf2 h4 37. gxh4 Qxh4+ 38. Ke2 Qg4+ 39. Nf3 Kf7 40.
Qd3 Nc5 41. Qc3 Qe4+ 42. Kd2 Ke8 43. Qf6 Qxc4 44. Qe5+ Nce6 45. Nd4 Kd7 46.
Nxe6 Nxe6 47. Qh5 Qxa2 48. Qxh7+ Kc8 49. Qh8+ Kb7 50. Qh1+ Ka6 51. Qf1+ b5 52.
Qc1 Qd5+ 53. Ke2 Qe4+ 0-1

[Event "SF Essen-Katernberg  2 - Weiße Dame Bor"]
[Site "Regionalliga 2018/2019"]
[Date "2019.02.10"]
[Round "7.6"]
[White "Gorainow, Nikita"]
[Black "Korste, Sebastian"]
[Result "1-0"]
[WhiteElo "1935"]
[BlackElo "1922"]
[PlyCount "53"]
[EventDate "2019.??.??"]

1. e4 e6 2. d4 d5 3. Nc3 Nf6 4. Bg5 Bb4 5. e5 h6 6. Bc1 Ne4 7. Qg4 g6 8. Nge2
c5 9. a3 Nxc3 10. axb4 Nxe2 11. Bxe2 cxb4 12. h4 h5 13. Qf3 Nc6 14. c3 f6 15.
exf6 Kf7 16. Bg5 e5 17. dxe5 Nxe5 18. Qg3 Re8 19. O-O bxc3 20. bxc3 Bf5 21. Bb5
Re6 22. Rfd1 Bg4 23. Rd2 a6 24. Ba4 Nc4 25. Rd4 Qa5 26. Be8+ Raxe8 27. Rxa5 1-0

[Event "SF Essen-Katernberg  2 - Weiße Dame Bor"]
[Site "Regionalliga 2018/2019"]
[Date "2019.02.10"]
[Round "7.7"]
[White "Kindermann, Carsten"]
[Black "Schimnatkowski, Lukas"]
[Result "0-1"]
[WhiteElo "1908"]
[BlackElo "2111"]
[PlyCount "66"]
[EventDate "2019.??.??"]

1. e4 c5 2. Nf3 d6 3. Bb5+ Nd7 4. c3 Ngf6 5. Qe2 a6 6. Ba4 b5 7. Bc2 Bb7 8. O-O
e6 9. d4 Be7 10. Bf4 Qb6 11. Nbd2 cxd4 12. cxd4 O-O 13. Qd3 Rfd8 14. Be3 Ng4
15. Bg5 Bxg5 16. Nxg5 h6 17. Ngf3 e5 18. h3 Ngf6 19. d5 a5 20. a4 Ba6 21. Rfe1
b4 22. Qe3 Rdc8 23. Qxb6 Nxb6 24. Bb3 Nfd7 25. Re3 Ra7 26. Ne1 Rac7 27. Nd3
Bxd3 28. Rxd3 Rc1+ 29. Rxc1 Rxc1+ 30. Kh2 Nc5 31. Re3 Kf8 32. g3 Ke7 33. Kg2
Ra1 0-1

[Event "SF Essen-Katernberg  2 - Weiße Dame Bor"]
[Site "Regionalliga 2018/2019"]
[Date "2019.02.10"]
[Round "7.8"]
[White "Kudelka, Josua"]
[Black "Klasmeier, Hartmut"]
[Result "1-0"]
[WhiteElo "1965"]
[BlackElo "1872"]
[PlyCount "71"]
[EventDate "2019.??.??"]

1. e4 e6 2. d4 d5 3. Nc3 Bb4 4. e5 Ne7 5. a3 Bxc3+ 6. bxc3 c5 7. Qg4 Kf8 8. h4
Qa5 9. Bd2 Qa4 10. Rh3 Nbc6 11. h5 Nxe5 12. Qf4 N5c6 13. h6 g6 14. Qf6 Rg8 15.
Nf3 Qxc2 16. Ng5 Qf5 17. Nxh7+ Ke8 18. Qxf5 Nxf5 19. Nf6+ Kf8 20. Nxg8 Kxg8 21.
h7+ Kh8 22. Bg5 Bd7 23. Bf6+ Ng7 24. Rb1 e5 25. Bxg7+ Kxg7 26. h8=Q+ Rxh8 27.
Rxh8 Kxh8 28. Rxb7 Be6 29. dxc5 d4 30. Bb5 Na5 31. Rxa7 Nb3 32. cxd4 Nxd4 33.
Bd7 Bd5 34. c6 Nb5 35. Rb7 Nd6 36. Rb8+ 1-0

[Event "SV Eichlinghofen 1 - SV Kamen 1"]
[Site "Regionalliga 2018/2019"]
[Date "2019.02.10"]
[Round "7.1"]
[White "Himmel, Hansjoerg"]
[Black "Watzlawek, Markus"]
[Result "1-0"]
[WhiteElo "2208"]
[BlackElo "2121"]
[PlyCount "79"]
[EventDate "2019.??.??"]

1. d4 f5 2. Bg5 g6 3. Nc3 Bg7 4. h4 h6 5. Bf4 Nf6 6. e3 d6 7. Qf3 e6 8. Bc4 Qe7
9. O-O-O Nc6 10. a3 a6 11. Qg3 Kf7 12. Nh3 b5 13. Ba2 b4 14. axb4 Nxb4 15. Bb3
Nbd5 16. Nxd5 exd5 17. f3 Be6 18. Rhf1 a5 19. c3 Rhb8 20. Bc2 Qd7 21. Nf2 Qb5
22. Nd3 a4 23. Kd2 Rb6 24. Ra1 Qd7 25. Ra3 Ra5 26. Rfa1 c5 27. Rxa4 Rxa4 28.
Rxa4 Nh5 29. Qf2 Nxf4 30. exf4 Qc7 31. dxc5 dxc5 32. Qxc5 Qb8 33. Rb4 Rxb4 34.
Qxb4 Qa7 35. Qc5 Qa1 36. Ne5+ Kg8 37. Qd6 Bf7 38. Nxf7 Kxf7 39. Qxd5+ Kf8 40.
Qd8+ 1-0

[Event "SV Eichlinghofen 1 - SV Kamen 1"]
[Site "Regionalliga 2018/2019"]
[Date "2019.02.10"]
[Round "7.2"]
[White "Schuette, Tobias"]
[Black "Luetke, Jens"]
[Result "0-1"]
[WhiteElo "2035"]
[BlackElo "2188"]
[PlyCount "84"]
[EventDate "2019.??.??"]

1. e4 e5 2. Nc3 Nc6 3. Nf3 Nf6 4. d4 exd4 5. Nd5 Bc5 6. Bd3 Nxd5 7. exd5 Qe7+
8. Be2 d3 9. cxd3 Nd4 10. Nxd4 Bxd4 11. O-O O-O 12. Bf3 c5 13. Re1 Qf6 14. Qe2
d6 15. Qe7 Qxe7 16. Rxe7 Bf6 17. Re2 g5 18. h3 Bd7 19. Bd2 Rfe8 20. Bc3 Kg7 21.
Rae1 Rxe2 22. Rxe2 Re8 23. Rxe8 Bxe8 24. Kf1 Bxc3 25. bxc3 f5 26. Ke2 Kf6 27.
d4 cxd4 28. cxd4 Bb5+ 29. Kd2 Bf1 30. Ke1 Bc4 31. a3 b5 32. g3 a5 33. h4 h6 34.
Kd2 Kg6 35. Kc3 Bf1 36. Bd1 gxh4 37. gxh4 f4 38. Bg4 Bg2 39. f3 Bf1 40. a4 b4+
41. Kb3 Be2 42. Kc2 Bc4 0-1

[Event "SV Eichlinghofen 1 - SV Kamen 1"]
[Site "Regionalliga 2018/2019"]
[Date "2019.02.10"]
[Round "7.3"]
[White "Kilian, Ralf"]
[Black "Bollwerk, Marcus"]
[Result "1/2-1/2"]
[WhiteElo "2082"]
[BlackElo "2055"]
[PlyCount "26"]
[EventDate "2019.??.??"]

1. e4 g6 2. d4 Bg7 3. c4 d6 4. Nc3 e5 5. dxe5 dxe5 6. Qxd8+ Kxd8 7. Bg5+ Bf6 8.
Rd1+ Nd7 9. Nf3 Bxg5 10. Nxg5 Nh6 11. h4 c6 12. h5 Ke7 13. Be2 Nf8 1/2-1/2

[Event "SV Eichlinghofen 1 - SV Kamen 1"]
[Site "Regionalliga 2018/2019"]
[Date "2019.02.10"]
[Round "7.4"]
[White "Brockmann, Michael"]
[Black "Seepe, Udo"]
[Result "0-1"]
[WhiteElo "2005"]
[BlackElo "2048"]
[Annotator "Daniel"]
[PlyCount "78"]
[EventDate "2019.??.??"]

1. d4 e6 2. c4 Nf6 3. Nc3 Bb4 4. g3 c5 5. a3 Bxc3+ 6. bxc3 Nc6 7. Nf3 O-O 8.
Bg2 Qa5 9. Bd2 Qa6 $11 10. Qb3 Ne4 11. Qb5 Qxb5 12. cxb5 Na5 13. Bf4 Nb3 14.
Rb1 c4 15. Nd2 Nxc3 16. Rb2 Na4 17. Rxb3 cxb3 18. Bd6 b2 19. Kd1 Nc3+ 20. Kc2
Nxb5 21. Bxf8 Kxf8 22. Kxb2 Nxd4 23. Rc1 Ke7 24. Rc4 Nc6 25. e4 b6 26. e5 Bb7
27. f4 f5 28. Rc3 Nd8 29. Bxb7 Nxb7 30. Kb3 Kd8 31. Kb4 Rc8 32. Rxc8+ Kxc8 33.
Nc4 Kc7 34. Kb5 d5 35. Ne3 Nc5 36. Nc2 a6+ 37. Kb4 Nb7 38. Nd4 Nd8 39. a4 Nc6+
0-1

[Event "SV Eichlinghofen 1 - SV Kamen 1"]
[Site "Regionalliga 2018/2019"]
[Date "2019.02.10"]
[Round "7.5"]
[White "Rumpf, Thomas"]
[Black "Dreier, Daniel"]
[Result "1-0"]
[WhiteElo "2014"]
[BlackElo "1893"]
[PlyCount "51"]
[EventDate "2019.??.??"]

1. e4 e5 2. Nf3 d5 3. exd5 Bd6 4. d4 e4 5. Ne5 Nf6 6. Bb5+ c6 7. dxc6 bxc6 8.
Be2 Bxe5 9. dxe5 Qa5+ 10. Nc3 Qxe5 11. Be3 O-O 12. Qd4 Qa5 13. O-O-O Nbd7 14.
h3 Rb8 15. g4 c5 16. Qa4 Qb6 17. Qa3 Qc6 18. g5 Ne8 19. Bf4 Nc7 20. h4 Re8 21.
h5 Nf8 22. h6 g6 23. Bxc7 Qxc7 24. Nd5 Qe5 25. Nf6+ Kh8 26. Nxe8 1-0

[Event "SV Eichlinghofen 1 - SV Kamen 1"]
[Site "Regionalliga 2018/2019"]
[Date "2019.02.10"]
[Round "7.6"]
[White "Wloka, Sebastian"]
[Black "Georg, Heinz"]
[Result "0-1"]
[WhiteElo "1879"]
[BlackElo "2101"]
[PlyCount "62"]
[EventDate "2019.??.??"]

1. d4 f5 2. e4 fxe4 3. Nc3 Nf6 4. Bg5 Nc6 5. d5 Ne5 6. Qe2 c6 7. Bxf6 gxf6 8.
Qh5+ Nf7 9. dxc6 bxc6 10. Bc4 e6 11. O-O-O d5 12. Bb3 f5 13. Nh3 Qf6 14. Qe2
Rg8 15. f3 exf3 16. Qxf3 Ng5 17. Qg3 Rg7 18. Ba4 Bb7 19. Rhe1 Ne4 20. Nxe4 fxe4
21. Qb3 O-O-O 22. Rf1 Qh6+ 23. Kb1 Bd6 24. Qc3 Rc7 25. Rf6 Qh5 26. Rdf1 Be5 27.
g4 Bxc3 28. gxh5 Bxf6 29. Rxf6 Re7 30. Nf4 Kd7 31. Bb3 Kd6 0-1

[Event "SV Eichlinghofen 1 - SV Kamen 1"]
[Site "Regionalliga 2018/2019"]
[Date "2019.02.10"]
[Round "7.7"]
[White "Koch, Marcel"]
[Black "Dekhtyaryuk, Dimitri"]
[Result "0-1"]
[WhiteElo "1890"]
[BlackElo "1849"]
[Annotator "Daniel"]
[PlyCount "118"]
[EventDate "2019.??.??"]

1. d4 Nf6 2. c4 c5 3. d5 b5 4. cxb5 a6 5. bxa6 Bxa6 6. g3 d6 7. Bg2 g6 8. Nf3
Bg7 9. O-O O-O 10. Re1 Nbd7 11. Nc3 Nb6 12. e4 Rb8 13. Qc2 Qc7 14. Rb1 Nfd7 15.
b3 Qa7 16. a4 Ne5 17. Nxe5 Bxe5 18. Nb5 Bxb5 19. axb5 Nd7 20. Bf1 Rfc8 21. Bb2
c4 22. Ra1 Qc5 23. Bh3 Qxb5 24. Bxd7 Qxd7 25. Bxe5 cxb3 26. Qb2 Rc2 27. Qd4 b2
28. Rab1 dxe5 29. Qxe5 $11 Qa7 30. Qf4 Rbc8 31. Kg2 Qc5 32. Qe3 Qb4 33. Rf1
R8c3 34. Qf4 Rc4 35. Rfe1 Rd2 36. Qe5 Rcc2 37. Qf4 Qb6 38. Re3 Rc1 39. Re1 Rxe1
40. Rxe1 Qd4 41. Rb1 Rc2 42. h4 h5 43. Kg1 Qc3 44. Kg2 Kg7 45. d6 exd6 46. Qxd6
Re2 47. Qb6 Rc2 48. Qd6 Re2 49. Qb6 Qc2 50. e5 Qe4+ 51. Kh3 Qxe5 52. Rf1 Rc2
53. Rb1 Qf5+ 54. Kg2 Rxf2+ 55. Qxf2 Qxb1 56. Qd4+ Kh7 57. Qf6 Qc2+ 58. Kf3 Qb3+
59. Kf4 b1=Q 0-1

[Event "SV Horst-Emscher 1 - SV Mülheim-Nord 3"]
[Site "Regionalliga 2018/2019"]
[Date "2019.02.10"]
[Round "7.1"]
[White "Walter, Andreas"]
[Black "Baerwolf, Steven"]
[Result "0-1"]
[WhiteElo "2110"]
[BlackElo "2136"]
[Annotator "Daniel"]
[PlyCount "56"]
[EventDate "2019.??.??"]

1. d4 e6 2. e4 d5 3. e5 c5 4. c3 Nc6 5. Nf3 Nh6 6. dxc5 Bxc5 7. b4 $11 Bb6 8.
Bxh6 gxh6 9. b5 Ne7 10. Bd3 Ng6 11. g3 f6 12. O-O O-O 13. Qe2 Nxe5 14. Nxe5
fxe5 15. Qxe5 Qf6 16. Qxf6 Rxf6 17. Nd2 e5 18. Kg2 Be6 19. c4 Raf8 20. f3 e4
21. Be2 exf3+ 22. Nxf3 dxc4 23. Rac1 Rc8 24. Nd2 Rxf1 25. Kxf1 c3 26. Ne4 Bd4
27. Rc2 Bxa2 28. Nxc3 Be6 0-1

[Event "SV Horst-Emscher 1 - SV Mülheim-Nord 3"]
[Site "Regionalliga 2018/2019"]
[Date "2019.02.10"]
[Round "7.2"]
[White "Buschmann, Andreas"]
[Black "Kahleys, Kevin"]
[Result "0-1"]
[WhiteElo "2011"]
[BlackElo "2168"]
[PlyCount "118"]
[EventDate "2019.??.??"]

1. d4 d5 2. c4 c6 3. Nc3 e5 4. cxd5 cxd5 5. dxe5 d4 6. Ne4 Qa5+ 7. Bd2 Qxe5 8.
Ng3 Nc6 9. Nf3 Qd6 10. a3 Bg4 11. Qa4 Rd8 12. O-O-O Qc5+ 13. Kb1 b5 14. Qc2 Qb6
15. Bg5 Be7 16. Qe4 Be6 17. e3 Bd5 18. Qg4 b4 19. Bxe7 Ngxe7 20. Nxd4 bxa3 21.
Nb5 Be6 22. Qa4 Rxd1+ 23. Qxd1 O-O 24. Nxa3 Rd8 25. Qc1 Na5 26. Bb5 a6 27. Ba4
Qb4 28. Rd1 Nd5 29. Rd4 Qb8 30. Qd2 Qb6 31. e4 Nc3+ 32. Qxc3 Rxd4 33. Nf5 Bxf5
34. exf5 Rd8 35. f6 Rb8 36. fxg7 Qg6+ 37. Ka2 Qxg7 38. Qd2 Qe5 39. g3 Qe6+ 40.
Kb1 Nb3 41. Bxb3 Rxb3 42. Nc2 Rb5 43. Ne3 h5 44. Qc3 a5 45. h3 Qxh3 46. Qc6 Re5
47. g4 Rxe3 48. fxe3 Qxg4 49. Qe8+ Kg7 50. Qe5+ Kg6 51. Qxa5 h4 52. Kc1 h3 53.
Qb6+ Kg7 54. Qd6 Qg1+ 55. Kd2 Qf2+ 56. Kd3 h2 57. Qe5+ Kg6 58. Qd6+ f6 59. Qe6
Qf5+ 0-1

[Event "SV Horst-Emscher 1 - SV Mülheim-Nord 3"]
[Site "Regionalliga 2018/2019"]
[Date "2019.02.10"]
[Round "7.3"]
[White "Ozerov, Ilja"]
[Black "Becker, Marco"]
[Result "1-0"]
[WhiteElo "2175"]
[BlackElo "1957"]
[Annotator "Daniel"]
[PlyCount "141"]
[EventDate "2019.??.??"]

1. d4 c6 2. c3 d6 3. Bg5 Bf5 4. Nd2 h6 5. Bh4 Nf6 6. e3 Nbd7 7. Qb3 Qb6 8. Nc4
Qxb3 9. axb3 g5 10. Bg3 Ne4 11. b4 Nxg3 12. hxg3 Bg7 13. Kd2 Kd8 14. Ra5 d5 15.
Na3 b6 16. Ra6 Nf6 17. f3 Bc8 18. Ra4 b5 19. Ra5 Ne8 20. Nc2 Nd6 21. b3 Kc7 22.
Bd3 f5 23. Nh3 Rf8 24. Nf2 Be6 25. Rha1 Kb7 26. Be2 a6 27. Nd3 Kb6 28. Nc5 Bc8
29. Ne1 e6 30. Ned3 Rf7 31. Ne5 Rfa7 32. c4 Bf8 33. cxb5 cxb5 34. Bd3 Rb8 35.
R5a2 Rba8 $11 36. Rc2 Rc7 37. Rac1 Raa7 38. g4 Ne8 39. Nc6 Kxc6 40. Nxe6+ Kd6
41. Nxf8 fxg4 42. Rh1 Rxc2+ 43. Bxc2 Rf7 44. Rxh6+ Kc7 45. Ne6+ Bxe6 46. Rxe6
gxf3 47. gxf3 Nd6 48. Ke2 Rg7 49. Rg6 Rh7 50. Rxg5 Rh2+ 51. Kd3 Rf2 52. Rxd5
Rxf3 53. Rc5+ Kd7 54. Ke2 Rh3 55. Bf5+ Nxf5 56. Rxf5 Rh2+ 57. Rf2 Rh1 58. Rf3
Rb1 59. e4 Rb2+ 60. Kd1 Rb1+ 61. Kc2 Re1 62. e5 Ke6 63. Kd2 Rb1 64. Rf6+ Ke7
65. Kc2 Ra1 66. Rh6 Kd7 67. d5 Re1 68. Rh7+ Kd8 69. e6 Re5 70. Rd7+ Kc8 71. Kd3
1-0

[Event "SV Horst-Emscher 1 - SV Mülheim-Nord 3"]
[Site "Regionalliga 2018/2019"]
[Date "2019.02.10"]
[Round "7.4"]
[White "Goeldenboog, Juergen"]
[Black "Limbourg, Philipp"]
[Result "1/2-1/2"]
[WhiteElo "1912"]
[BlackElo "2176"]
[PlyCount "41"]
[EventDate "2019.??.??"]

1. d4 Nf6 2. c4 c5 3. d5 b5 4. cxb5 a6 5. b6 e6 6. Nc3 exd5 7. Nxd5 Nxd5 8.
Qxd5 Nc6 9. Nf3 Rb8 10. Ne5 Qf6 11. Nxc6 dxc6 12. Qf3 Be7 13. Qxf6 Bxf6 14. e4
Rxb6 15. Rb1 Bc3+ 16. Kd1 Bd4 17. f3 Be6 18. b3 O-O 19. Kc2 Rfb8 20. Ba3 a5 21.
Bc4 1/2-1/2

[Event "SV Horst-Emscher 1 - SV Mülheim-Nord 3"]
[Site "Regionalliga 2018/2019"]
[Date "2019.02.10"]
[Round "7.5"]
[White "Kuipers, Dustin"]
[Black "Arndt, Olaf"]
[Result "1-0"]
[WhiteElo "2134"]
[BlackElo "1903"]
[Annotator "Daniel"]
[PlyCount "99"]
[EventDate "2019.??.??"]

1. Nf3 c5 2. c4 Nc6 3. e3 e6 4. d4 cxd4 5. exd4 d5 6. Nc3 Bb4 7. Be2 Nge7 8.
O-O O-O 9. a3 Bxc3 10. bxc3 dxc4 11. Bxc4 Nd5 12. Qc2 Nce7 13. Bd3 h6 14. c4
Nf6 15. Bb2 Nh5 16. Rfd1 Bd7 17. g3 Rc8 18. Ne5 Nf6 19. Qe2 Ba4 20. Rd2 Qd6 21.
Re1 b6 22. Bb1 Rfd8 23. Qd3 Kf8 $11 24. Rde2 Rc7 25. Ba2 Be8 26. Qd2 Nc6 27.
Nxc6 Bxc6 28. Qb4 Bf3 29. Re3 Bb7 30. f3 Kg8 31. Qxd6 Rxd6 32. a4 Ba6 33. Rc1
Rdc6 34. Rec3 Bb7 35. Kf2 Rd6 36. Ke3 g5 37. R3c2 g4 38. fxg4 Nxg4+ 39. Kf4 h5
40. h3 Nf6 41. Re2 Rcd7 42. Re5 Bg2 43. Bb1 Bxh3 44. Rg5+ Kh8 45. d5 exd5 46.
Rxh5+ Kg8 47. Rxh3 d4 48. Rch1 Rc6 49. Bd3 Rc5 50. g4 1-0